000 00563nam a2200169Ia 4500
008 090711s9999 xx 000 0 und d
082 _b38948
100 _aबरोज एडगार रा.
245 _aसंपूर्ण टारझन ( भाग 7 )
260 _c1978
300 _a120
600 _aबरोज एडगार रा.
630 _aसंपूर्ण टारझन ( भाग 7 )
700 _aबरोज एडगार रा.
730 _aसंपूर्ण टारझन ( भाग 7 )
942 _cBOOK
999 _c323423
_d323423